书目信息 |
| 题名: |
中国古代文学卷
|
|
| 作者: | 扈耕田 本卷主编 | |
| 分册: | ||
| 出版信息: | 郑州 郑州大学出版社 2003.08 |
|
| 页数: | 10, 347页 | |
| 开本: | 26cm | |
| 丛书名: | 文学作品选 | |
| 单 册: | ||
| 中图分类: | I11 | |
| 科图分类: | ||
| 主题词: | 文学--世界--高等教育--教材 , 古典文学--中国--高等教育--教材 | |
| 电子资源: | ||
| ISBN: | 7-81048-818-X | |
| 000 | 01021nam 2200265 450 | |
| 001 | 010254519878 | |
| 005 | 20051014105245.06 | |
| 010 | @a7-81048-818-X@dCNY32.00 | |
| 100 | @a20050903d2003 km y0chiy0120 ea | |
| 101 | 0 | @achi |
| 102 | @aCN@b410000 | |
| 105 | @ay z 000zy | |
| 200 | 1 | @a中国古代文学卷@Azhong guo gu dai wen xue juan@f扈耕田本卷主编@Fhu geng tian ben juan zhu bian |
| 210 | @a郑州@c郑州大学出版社@d2003.08 | |
| 215 | @a10, 347页@d26cm | |
| 225 | 2 | @a文学作品选@Awen xue zuo pin xuan@f赵金昭, 吴少珉主编 |
| 300 | @a河南省高等职业教育规划教材 | |
| 330 | @a本书注重艺术风格和文学体裁的多样性来选择作品,对中国古代文学发展基本情况进行概述,并包括作者简介、对作品进行简析和注释。 | |
| 410 | 0 | @12001 @a文学作品选@1701 0@a赵金昭@Azhao jin zhao@4主编@1701 0@a吴少珉@Awu shao min@4主编 |
| 606 | 0 | @a文学@y世界@x高等教育@j教材 |
| 606 | 0 | @a古典文学@y中国@x高等教育@j教材 |
| 690 | @aI11@v4 | |
| 701 | 0 | @a扈耕田@Ahu geng tian@4本卷主编 |
| 801 | 0 | @aCN@bQSSK@c20051014 |
| 905 | @a10447@dI11@eH644 | |
| 中国古代文学卷/扈耕田本卷主编.-郑州:郑州大学出版社,2003.08 |
| 10, 347页;26cm.-(文学作品选/赵金昭, 吴少珉主编) |
| 河南省高等职业教育规划教材 |
| ISBN 7-81048-818-X:CNY32.00 |
| 本书注重艺术风格和文学体裁的多样性来选择作品,对中国古代文学发展基本情况进行概述,并包括作者简介、对作品进行简析和注释。 |
| ● |
| 相关链接 |
|
|
|
正题名:中国古代文学卷
索取号:I11/H644
 
预约/预借
| 序号 | 登录号 | 条形码 | 馆藏地/架位号 | 状态 | 备注 |
| 1 | 568413 | 205684133 | 文学库108/108文学库 1排11列2层/ [索取号:I11/H644] | 在馆 | |
| 2 | 568414 | 205684142 | 文学库108/108文学库 1排11列2层/ [索取号:I11/H644] | 在馆 | |
| 3 | 568415 | 205684151 | 社科二线422/422社科库 24排1列4层/ [索取号:I11/H644] | 在馆 |